Digital communications (Record no. 956)

000 -LEADER
fixed length control field 00508nam a2200205 a 4500
001 - CONTROL NUMBER
control field 956
003 - CONTROL NUMBER IDENTIFIER
control field BD-DhUET
008 - FIXED-LENGTH DATA ELEMENTS--GENERAL INFORMATION
fixed length control field 860516s1986 inua b 001 0 eng
020 ## - INTERNATIONAL STANDARD BOOK NUMBER
International Standard Book Number 0071181830
040 ## - CATALOGING SOURCE
Original cataloging agency DLC
Transcribing agency DLC
Modifying agency BD-DhUET
082 00 - DEWEY DECIMAL CLASSIFICATION NUMBER
Classification number 623.8
Item number PRO/2001
100 ## - MAIN ENTRY--PERSONAL NAME
Personal name Proakis, John G.
245 00 - TITLE STATEMENT
Title Digital communications
250 ## - EDITION STATEMENT
Edition statement 4th ed.
260 ## - PUBLICATION, DISTRIBUTION, ETC. (IMPRINT)
Place of publication, distribution, etc. Boston
Name of publisher, distributor, etc. McGraw-Hill
Date of publication, distribution, etc. 2001
300 ## - PHYSICAL DESCRIPTION
Extent xxi,1002p..
504 ## - BIBLIOGRAPHY, ETC. NOTE
Bibliography, etc Includes bibliographies

650 #0 - SUBJECT ADDED ENTRY--TOPICAL TERM
Topical term or geographic name as entry element Digital communications.
942 ## - ADDED ENTRY ELEMENTS (KOHA)
Koha item type General Book
Holdings
Koha date last seen Koha issues (times borrowed) Withdrawn status Sublocation or collection (holding branch) Price effective from Piece designation (barcode) Koha date last borrowed Location (home branch) Koha item type Damaged status Source of classification or shelving scheme Koha full call number Koha normalized classification for sorting Lost status Not for loan Date acquired Copy number Shelving location
2014-08-26  Central Library, BUET2014-08-26103342 Central Library, BUETGeneral Book  623.8/PRO/2001623_000000000000000_8PRO2001  2014-08-261Circulation section
2017-07-30  Central Library, BUET2014-08-26103344 Central Library, BUETGeneral Book  623.8/PRO/2001623_000000000000000_8PRO2001  2014-08-262Circulation section
2015-06-08  Central Library, BUET2014-08-26103345 Central Library, BUETGeneral Book  623.8/PRO/2001623_000000000000000_8PRO2001  2014-08-263Circulation section
2015-08-181 Central Library, BUET2014-08-261033462015-05-20Central Library, BUETGeneral Book  623.8/PRO/2001623_000000000000000_8PRO2001  2014-08-264Circulation section
2014-08-26  Central Library, BUET2014-08-26103347 Central Library, BUETGeneral Book  623.8/PRO/2001623_000000000000000_8PRO2001  2014-08-265Circulation section
2018-08-292 Central Library, BUET2014-08-261033482018-08-06Central Library, BUETGeneral Book  623.8/PRO/2001623_000000000000000_8PRO2001  2014-08-266Circulation section
2018-09-111 Central Library, BUET2014-08-261033492018-08-29Central Library, BUETGeneral Book  623.8/PRO/2001623_000000000000000_8PRO2001  2014-08-267Circulation section
2015-08-16  Central Library, BUET2014-08-26103350 Central Library, BUETGeneral Book  623.8/PRO/2001623_000000000000000_8PRO2001  2014-08-268Circulation section
2015-03-01  Central Library, BUET2014-08-26107674 Central Library, BUETGeneral Book  623.8/PRO/2001623_000000000000000_8PRO2001  2014-08-269Circulation section
2018-09-091 Central Library, BUET2017-05-161033432018-08-28Central Library, BUETGeneral Book  623.8/PRO/2001623_800000000000000_PRO_2001  2007-05-0710Circulation section